| 000 | 00596nam a2200181Ia 4500 | ||
|---|---|---|---|
| 003 | GCL | ||
| 008 | 140319s9999 xx 000 0 eng d | ||
| 020 | _a977 424 537 7 | ||
| 040 |
_aGCL / _cGCL |
||
| 082 | 0 | 4 |
_aCC _b962.03 _bL S |
| 100 | 1 | _aLAWSON, FRED H. | |
| 245 | 1 | 0 |
_aTHE SOCIAL ORIGINS OF EGYPTIAN EXPANSIONISM DURING THE MUHAMMAD ALI PERIOD / _cLAWSON, FRED H. |
| 260 |
_aالقاهرة : _bTHE AMERICAN UNIVERSITY IN CAIRO PRESS ، _c1999 |
||
| 300 |
_a22 CM ؛ _c215 P |
||
| 650 | 0 | 4 | _aEGYPT - FOREIGN RELATIONS |
| 650 | 0 | 4 | _aEGYPT - HISTORY - MOHAMMED ALI, 1805-1849 |
| 942 |
_2ddc _cBK |
||
| 999 |
_c8717 _d8717 |
||